|
|
|
|
| LEADER |
00000naa a2200000uu 4500 |
| 001 |
vtls011063991 |
| 003 |
SK-MaSNL |
| 005 |
20260302131817.0 |
| 008 |
220817|2006 xo |||||||||||||||||slo| |
| 015 |
|
|
|a SNBRA
|
| 035 |
|
|
|a (urnnbn)urn:nbn:sk:snk:ar-a0c4zx
|
| 035 |
|
|
|a (uuid)46486bca-9300-41b1-9d02-b112f9aec524
|
| 035 |
|
|
|a urn:nbn:sk:snk-aavbgi
|
| 040 |
|
|
|a SNKBUCL
|b slo
|c SNKBUCL
|e AACR2
|
| 041 |
0 |
|
|a slo
|
| 044 |
|
|
|a xo
|c SK
|
| 100 |
1 |
|
|a Janota, Martin,
|d 1939-
|4 aut
|9 162307
|
| 245 |
1 |
0 |
|a Odporové zváranie na Slovensku
|c Martin Janota
|
| 773 |
0 |
|
|t Zváranie 2006
|d Bratislava : Slovenská zváračská spoločnosť, 2006
|g S. 103-108
|z 8096939378
|
| 954 |
|
|
|a odborná, vedecká literatúra pôvodná (slovenská)
|2 lita
|
| 958 |
|
|
|a OND
|
| 958 |
|
|
|a article12
|
| 958 |
|
|
|a chapter
|
| 999 |
|
|
|c 1310302
|d 1312232
|